Pays d'Europe par Population - Statistiques

Statistiques générales
  • Ce quiz a été pris 604 fois
  • Le résultat moyen est 30 sur 50
Statistiques - réponses
Classement Nombre d'habitants Pays % Correct
1 146 267 288 Russie
98%
2 81 174 000 Allemagne
96%
4 66 352 469 France
93%
5 64 767 115 Royaume-Uni
86%
7 46 439 864 Espagne
84%
6 60 795 612 Italie
83%
8 38 005 614 Pologne
80%
3 77 695 904 Turquie
76%
9 37 289 000 Ukraine
75%
10 19 861 408 Roumanie
71%
12 11 258 434 Belgique
70%
11 16 900 726 Pays-Bas
69%
50 836 Vatican
68%
49 30 510 Monaco
67%
15 10 374 822 Portugal
65%
46 76 246 Andorre
64%
13 10 812 467 Grèce
64%
17 9 747 355 Suède
63%
14 10 538 275 République Tchèque
62%
48 32 789 Saint-Marin
62%
47 37 369 Liechtenstein
61%
16 9 849 000 Hongrie
59%
20 8 584 926 Autriche
58%
44 429 344 Malte
57%
27 5 165 802 Norvège
57%
21 8 236 573 Suisse
57%
25 5 471 753 Finlande
56%
45 329 100 Islande
56%
43 562 958 Luxembourg
56%
38 1 986 096 Lettonie
55%
24 5 659 715 Danemark
54%
40 1 313 271 Estonie
54%
34 2 921 262 Lituanie
54%
23 7 111 973 Serbie
54%
19 9 480 868 Biélorussie
53%
22 7 202 198 Bulgarie
53%
28 4 625 885 Irlande
53%
30 4 225 316 Croatie
52%
39 1 804 944 Kosovo
52%
42 622 099 Monténégro
52%
26 5 421 349 Slovaquie
52%
35 2 893 005 Albanie
51%
37 2 062 874 Slovénie
51%
36 2 069 172 Macédoine du Nord
50%
32 3 555 159 Moldavie
49%
31 3 825 334 Bosnie-Herzégovine
47%
41 847 008 Chypre
44%
29 4 490 498 Géorgie
29%
33 3 026 878 Arménie
28%
18 9 593 038 Azerbaïdjan
27%
Aucun quiz correspondant
Distribution des résultats
% des personnes avec chaque résultat
Percentile par nombre de réponses
Votre historique - résultats
Vous n’avez pas pris ce quiz